Aquí y ahora: revista de la realidad de América Latina /
Salvato in:
| Ente Autore: | |
|---|---|
| Natura: | Libro |
| Lingua: | Spanish |
| Pubblicazione: |
Managua, Nicaragua:
Centro de Investigación de la Realidad de América Latina
|
| Soggetti: | |
| Tags: |
Aggiungi Tag
Nessun Tag, puoi essere il primo ad aggiungerne!!
|
MARC
| LEADER | 00000nam a22000007a 4500 | ||
|---|---|---|---|
| 003 | cru CIDCACS/IIS | ||
| 005 | 20201030115516.0 | ||
| 008 | 201030b ||||| |||| 00| 0 spa d | ||
| 999 | |c 43472 |d 43472 | ||
| 040 | |c CRAI/IIS | ||
| 090 | |a REV1014 | ||
| 110 | 2 | |9 9696 |a Centro de Investigación de la Realidad de América Latina | |
| 245 | 1 | |a Aquí y ahora: |b revista de la realidad de América Latina / |c Centro de Investigación de la Realidad de América Latina | |
| 260 | |a Managua, Nicaragua: |b Centro de Investigación de la Realidad de América Latina | ||
| 270 | |a Ciudad Jardín, A-22, |e Apdo. Postal 814 | ||
| 500 | |a EXISTENCIAS : 1989 (1) | ||
| 650 | 0 | |9 4355 |a ASPECTOS ECONOMICOS | |
| 650 | 0 | |9 3066 |a ASPECTOS POLITICOS | |
| 650 | 0 | |9 1428 |a IDEOLOGIAS | |
| 650 | 0 | |9 1732 |a CIENCIA Y TECNOLOGIA | |
| 650 | 0 | |9 126 |a CULTURA | |
| 942 | |2 ddc |c PP | ||
